Normal view
MARC view
- جابر،جابر عبد الكريم مؤلف/كاظم،أحمد خيري م.مشارك
Entry Personal Name
001 - CONTROL NUMBER
- control field: 32504
003 - CONTROL NUMBER IDENTIFIER
- control field: JO-AjAnu
005 - DATE AND TIME OF LATEST TRANSACTION
- control field: 20230606075449.0
008 - FIXED-LENGTH DATA ELEMENTS
- fixed length control field: 230606|| aca||aabn | a|a d
040 ## - CATALOGING SOURCE
- Original cataloging agency: JO-AjAnu
- Transcribing agency: JO-AjAnu
100 ## - HEADING--PERSONAL NAME
- Personal name: جابر،جابر عبد الكريم مؤلف/كاظم،أحمد خيري م.مشارك
670 ## - SOURCE DATA FOUND
- Source citation: Work cat.: (JO-AjAnu)16698: جابر،جابر عبد الكريم مؤلف/كاظم،أحمد خيري م.مشارك, author, مناهج البحث في التربية وعلم النفس